| 000 | 00521nam a2200193Ia 4500 | ||
|---|---|---|---|
| 005 | 20240823061143.0 | ||
| 008 | 240823s9999||||xx |||||||||||||| ||und|| | ||
| 020 | _a0-471-27504-2 | ||
| 041 | _aENGLISH | ||
| 082 | _A616.85506 P4 | ||
| 100 | _a"Landis,Keith" | ||
| 245 | 4 | _aThe Speech-Language Pathology Treatment Planner | |
| 250 | _a1st | ||
| 260 |
_c2004 _bJohn Wiley & Son |
||
| 500 | _aTRANSFERED | ||
| 650 |
_aAudiology Speech and Language Pathology _bAllied Health Science |
||
| 942 | _cBK | ||
| 999 |
_c232842 _d232842 |
||